000
00322 a2200145 4500
001
148706
040
_c
Escola São Tomás de Aquino
100
_a
BELINKY, Tatiana
240
1
0
_a
O gato professor
_l
por
245
1
0
_a
O gato professor
362
0
_a
2001
440
1
_a
FTD
697
_a
*LITERATURA INFANTO
942
_c
BK
999
_c
148706
_d
148706